000 00299nam a2200085Ia 4500
245 0 _aThe 30-second commute : the ultimate guide to starting and operating a home-based business
100 _a WILLIAMS, Beverley New York, 2004
_977433
942 _cBK
008 210817s9999 xx 000 0 und d
999 _c264500
_d264499